Introduction to cryptography : (Record no. 734)
[ view plain ]
| 000 -LEADER | |
|---|---|
| fixed length control field | 00693nac a22001931u 4500 |
| 008 - FIXED-LENGTH DATA ELEMENTS--GENERAL INFORMATION | |
| fixed length control field | 100906t2002 xxu||||| |||| 00| 0 eng d |
| 010 ## - LIBRARY OF CONGRESS CONTROL NUMBER | |
| LC control number | 2001036652 |
| 020 ## - INTERNATIONAL STANDARD BOOK NUMBER | |
| International Standard Book Number | 0130618144 |
| 082 00 - DEWEY DECIMAL CLASSIFICATION NUMBER | |
| Classification number | 005.82 |
| Item number | T774 |
| 100 ## - MAIN ENTRY--PERSONAL NAME | |
| Personal name | Trappe, Wade. |
| 9 (RLIN) | 18350 |
| 245 10 - TITLE STATEMENT | |
| Title | Introduction to cryptography : |
| Remainder of title | with coding theory / |
| Statement of responsibility, etc | Wade Trappe, Lawrence C. Washington. |
| 260 ## - PUBLICATION, DISTRIBUTION, ETC. (IMPRINT) | |
| Place of publication, distribution, etc | Upper Saddle River, NJ : |
| Name of publisher, distributor, etc | Prentice Hall, |
| Date of publication, distribution, etc | c2002. |
| 300 ## - PHYSICAL DESCRIPTION | |
| Extent | xiii, 490 p. : |
| Other physical details | ill. ; |
| Dimensions | 24 cm. |
| 504 ## - BIBLIOGRAPHY, ETC. NOTE | |
| Bibliography, etc | Includes bibliographical references (p. 479-483) and index. |
| 650 #0 - SUBJECT ADDED ENTRY--TOPICAL TERM | |
| Topical term or geographic name as entry element | Coding theory. |
| 9 (RLIN) | 18351 |
| 650 #0 - SUBJECT ADDED ENTRY--TOPICAL TERM | |
| Topical term or geographic name as entry element | Cryptography. |
| 9 (RLIN) | 18352 |
| 700 1# - ADDED ENTRY--PERSONAL NAME | |
| Personal name | Washington, Lawrence C. |
| 9 (RLIN) | 18353 |
| 942 ## - ADDED ENTRY ELEMENTS (KOHA) | |
| Item type | Book - Borrowing |
| Call number prefix | 005.82T774 |
| Source of classification or shelving scheme | Dewey Decimal Classification |
| Withdrawn status | Item status | Source of classification or shelving scheme | Damaged status | Not for loan | Vendor | Home library | Current library | Shelving location | Date acquired | Source of acquisition | Total Checkouts | Total Renewals | Full call number | Barcode | Date last seen | Date last borrowed | Koha item type |
|---|---|---|---|---|---|---|---|---|---|---|---|---|---|---|---|---|---|
| Dewey Decimal Classification | Central Library | Central Library | Lower Floor | 26/07/2006 | 5 | 28 | 005.82 TRA | 000003865 | 15/07/2025 | 06/03/2025 | Book - Borrowing |